00630nam a22001817a 4500003000400000005001700004008004100021020001700062040002800079050001700107100005400124245012300178260003800301300003900339504004400378650001300422650001300435OSt20240513144859.0240513b |||||||| |||| 00| 0 eng d a978052554166 aKMUbengcKMUdKMUeRDA aQH 87.3.A 31 aWoodhouse Philip, Bernstein Henry and Hulme David aAfrican Enclosures?:bThe Social Dynamics of Wetlands in Drylands/cPhilip Woodhouse, Henry Bernstein and David Hulme. aNairobi:bJames Currey,c© 2000. axviii, 238 p.:bill, maps:c23 cm. aIncludes an index and a few references. 2Wetlands aDrylands